[Event "POL-chT Academic"]
[Site "Chorzow"]
[Date "2022.04.03"]
[Round "8.17"]
[White "Paliszewski, Dominik"]
[Black "Hampel, Anna"]
[Result "0-1"]
[WhiteElo "1606"]
[BlackElo "1566"]
[PlyCount "74"]
[EventDate "2022.04.02"]
[EventType "team-swiss (rapid)"]
[EventRounds "9"]
[EventCountry "POL"]
[SourceTitle "EXT 2024"]
[Source "ChessBase"]
[SourceDate "2023.10.10"]
[SourceVersion "1"]
[SourceVersionDate "2023.10.10"]
[SourceQuality "1"]

1. e4 c5 2. Nf3 e6 3. d4 cxd4 4. Nxd4 Nc6 5. Nxc6 bxc6 6. Be3 Nf6 7. Bd3 d5 8. exd5 cxd5 9. Nd2 Bd6 10. Nb3 0-0 11. Bg5 Be5 12. c3 Qc7 13. Qf3 Bb7 14. Qh3 h6 15. Be3 Ne4 16. 0-0 Bf6 17. Qg4 Bg5 18. Bxg5 Nxg5 19. f3 e5 20. h4 Ne6 21. Rae1 Nf4 22. Bf5 Ba6 23. Rf2 Nd3 24. Bxd3 Bxd3 25. Rd2 Bc4 26. Qf5 Rfe8 27. Kh1 Qe7 28. g3 Qd6 29. Na5 Ba6 30. Nb3 Bc8 31. Red1 Bxf5 32. Rxd5 Qc6 33. Na5 Qg6 34. Kg2 e4 35. Rd6 exf3+ 36. Kxf3 Qg4+ 37. Kg2 Re2+ 0-1

[Event "POL Olympiad U14"]
[Site "Spala"]
[Date "2014.12.30"]
[Round "7.18"]
[White "Paliszewski, Dominik"]
[Black "Szustakowski, Antoni"]
[Result "0-1"]
[WhiteElo "1648"]
[BlackElo "1621"]
[PlyCount "110"]
[EventDate "2014.04.06"]
[EventType "swiss"]
[EventRounds "9"]
[EventCountry "POL"]
[SourceTitle "EXT 2023"]
[Source "ChessBase"]
[SourceDate "2022.10.05"]
[SourceVersion "1"]
[SourceVersionDate "2022.10.05"]
[SourceQuality "1"]

1. e4 c5 2. Nf3 e6 3. c3 d5 4. exd5 Qxd5 5. d4 Nc6 6. Be2 Nf6 7. 0-0 Be7 8. Be3 cxd4 9. cxd4 0-0 10. Nc3 Qa5 11. a3 Nd5 12. Nxd5 Qxd5 13. Rc1 Bf6 14. Qd2 Rd8 15. Rfd1 a6 16. Bd3 g6 17. Bb1 b5 18. Rc5 Qd7 19. Bg5 Nxd4 20. Nxd4 Qxd4 21. Qxd4 Rxd4 22. Rdc1 Bxg5 23. Rxc8+ Kg7 24. Rxa8 Bxc1 25. f3 Be3+ 26. Kf1 Rd1+ 27. Ke2 Rxb1 28. Kxe3 Rxb2 29. Rxa6 Rxg2 30. Rb6 Ra2 31. Rxb5 Rxa3+ 32. Kf4 Ra4+ 33. Kg3 Rd4 34. h3 Rd5 35. Rb7 Rf5 36. Ra7 Kf6 37. Ra6 Rd5 38. Rb6 h5 39. Ra6 Kf5 40. Ra7 f6 41. h4 e5 42. Ra4 Rd4 43. Ra5 Ke6 44. Ra6+ Rd6 45. Ra4 f5 46. Ra3 Kf6 47. Rb3 Re6 48. Ra3 e4 49. f4 e3 50. Ra1 e2 51. Re1 Ke7 52. Kf3 Kd6 53. Rxe2 Rxe2 54. Kxe2 Kc5 55. Ke3 Kc4 0-1

[Event "POL-chT U19 2nd League"]
[Site "Szczyrk"]
[Date "2014.07.25"]
[Round "1.21"]
[White "Zak, Piotr"]
[Black "Paliszewski, Dominik"]
[Result "0-1"]
[WhiteElo "1328"]
[BlackElo "1621"]
[PlyCount "90"]
[EventDate "2014.07.25"]
[EventType "team-swiss"]
[EventRounds "11"]
[EventCountry "POL"]
[SourceTitle "EXT 2015"]
[Source "ChessBase"]
[SourceDate "2014.11.20"]
[SourceVersion "1"]
[SourceVersionDate "2014.11.20"]
[SourceQuality "1"]
[WhiteTeam "Brzozow UKS SP 1 U19"]
[BlackTeam "Opole Rodlo U19 II"]
[WhiteTeamCountry "POL"]
[BlackTeamCountry "POL"]

1. e4 c6 2. Nc3 d5 3. Nf3 Bg4 4. exd5 cxd5 5. Bb5+ Nc6 6. d4 e6 7. Qd3 Bxf3 8. Qxf3 Bd6 9. 0-0 Qh4 10. h3 Qxd4 11. Rd1 Qf6 12. Qe2 Qe5 13. Qxe5 Bxe5 14. Bd2 a6 15. Bd3 Nge7 16. Rab1 Nb4 17. a3 Nxd3 18. cxd3 Rc8 19. Re1 Bf6 20. Ne2 Kd7 21. d4 Rc6 22. Bc3 Nf5 23. Rbd1 Nd6 24. f3 Rhc8 25. Rd2 Nb5 26. Red1 Be7 27. Bb4 Bxb4 28. axb4 Rc4 29. Kf2 Rxb4 30. Nf4 Kd6 31. g3 Rbc4 32. Ne2 Rc2 33. Ke3 Rxd2 34. Rxd2 f6 35. f4 Kd7 36. h4 Nd6 37. Nc3 Nc4+ 38. Kd3 Nxd2 39. Kxd2 b5 40. Kd3 Kd6 41. b3 e5 42. fxe5+ fxe5 43. Ne2 e4+ 44. Kd2 b4 45. Nf4 Rc3 0-1

[Event "POL Olympiad U14"]
[Site "Walbrzych"]
[Date "2013.??.??"]
[Round "5.13"]
[White "Mendak, Mateusz"]
[Black "Paliszewski, Dominik"]
[Result "1/2-1/2"]
[WhiteElo "1565"]
[BlackElo "1600"]
[PlyCount "87"]
[EventDate "2013.04.??"]
[EventType "team-swiss"]
[EventRounds "9"]
[EventCountry "POL"]
[SourceTitle "EXT 2014"]
[Source "ChessBase"]
[SourceDate "2013.11.20"]
[SourceVersion "1"]
[SourceVersionDate "2013.11.20"]
[SourceQuality "1"]

1. e4 c5 2. Nf3 Nc6 3. d4 cxd4 4. Nxd4 Qb6 5. Nb3 Nf6 6. Nc3 e6 7. Be3 Qd8 8. Nb5 a6 9. Nc3 Bb4 10. Bd3 Bxc3+ 11. bxc3 0-0 12. c4 b6 13. 0-0 Qc7 14. Qd2 Bb7 15. f3 Rfd8 16. Bf4 Ne5 17. Qc3 d6 18. Bxe5 dxe5 19. Rfd1 Nd7 20. Qd2 Nc5 21. Nxc5 Qxc5+ 22. Qf2 Rac8 23. Rab1 Rd6 24. Rb3 b5 25. Qxc5 Rxc5 26. cxb5 axb5 27. Rdb1 Ba6 28. Bxb5 Bxb5 29. Rxb5 Rc8 30. Rb8 Rdc6 31. Rxc8+ Rxc8 32. c4 Kf8 33. Rc1 Ke7 34. Kf2 Ra8 35. Rc2 Kd6 36. c5+ Kc6 37. Ke2 Ra3 38. Kd2 f5 39. exf5 exf5 40. Ke2 g5 41. Kf2 h5 42. h3 h4 43. Ke2 e4 44. Kf2 1/2-1/2

[Event "Polanica Zdroj op-D 48th"]
[Site "Polanica Zdroj"]
[Date "2012.08.19"]
[Round "2"]
[White "Jurkiewicz, Joanna"]
[Black "Paliszewski, Dominik"]
[Result "1/2-1/2"]
[WhiteElo "1841"]
[BlackElo "1565"]
[PlyCount "156"]
[EventDate "2012.08.18"]
[EventType "swiss"]
[EventRounds "9"]
[EventCountry "POL"]
[SourceTitle "EXT 2014"]
[Source "ChessBase"]
[SourceDate "2013.11.20"]
[SourceVersion "1"]
[SourceVersionDate "2013.11.20"]
[SourceQuality "1"]

1. e4 c6 2. d4 d5 3. Nc3 dxe4 4. Nxe4 Bf5 5. Ng3 Bg6 6. Nf3 Nd7 7. Bd3 Bxd3 8. Qxd3 e6 9. 0-0 Ngf6 10. Re1 Bd6 11. Nf5 Bf8 12. Bf4 Qb6 13. Nd6+ Bxd6 14. Bxd6 0-0-0 15. Ng5 Rhf8 16. Bxf8 Rxf8 17. b3 h6 18. Ne4 Nxe4 19. Qxe4 Nf6 20. Qe5 Rd8 21. Red1 Rd5 22. Qg3 Nh5 23. Qh4 Nf6 24. c4 Rh5 25. Qf4 Rf5 26. Qd6 Ne4 27. Qf8+ Kc7 28. f3 Nc3 29. c5 Qb4 30. Qd6+ Kc8 31. Rd3 a6 32. Qf8+ Kc7 33. Qxg7 Ne2+ 34. Kf1 Nf4 35. Rad1 Nxd3 36. Rxd3 Qa3 37. g4 Qc1+ 38. Ke2 Qg1 39. Qxh6 Qg2+ 40. Ke1 Qg1+ 41. Kd2 Rd5 42. Qf4+ Kc8 43. a4 Qf2+ 44. Kc1 Qe1+ 45. Kc2 Qa1 46. h4 Qa2+ 47. Kd1 Qb1+ 48. Ke2 Qh1 49. h5 f6 50. Qxf6 Qg2+ 51. Ke3 Qg1+ 52. Ke4 Qe1+ 53. Re3 Qb1+ 54. Kf4 Qb2 55. Qxe6+ Kb8 56. Re5 Rxd4+ 57. Kf5 Qh2 58. Qh6 Qc2+ 59. Kf6 Qxb3 60. Qf8+ Ka7 61. Kg5 Qd3 62. h6 Qd2+ 63. f4 Rd8 64. Qf7 Rd7 65. Qf6 Qd4 66. Rf5 Qxa4 67. Qg6 Qd4 68. Kh5 a5 69. Rf7 Qxc5+ 70. Qf5 Rd5 71. h7 Qc3 72. Qxd5 cxd5 73. g5 a4 74. g6 a3 75. g7 Qh3+ 76. Kg6 Qg4+ 77. Kh6 Qh4+ 78. Kg6 Qe1 1/2-1/2